Normal view
MARC view
Entry Personal Name
001 - CONTROL NUMBER
- control field: 12303
003 - CONTROL NUMBER IDENTIFIER
- control field: ARRUPE
005 - DATE AND TIME OF LATEST TRANSACTION
- control field: 20141031105155.0
008 - FIXED-LENGTH DATA ELEMENTS
- fixed length control field: 141031|| aca||aabn | a|a d
040 ## - CATALOGING SOURCE
- Original cataloging agency: ARRUPE
- Transcribing agency: ARRUPE
100 ## - HEADING--PERSONAL NAME
- Personal name: Brown, Dan
670 ## - SOURCE DATA FOUND
- Source citation: Work cat.: (ARRUPE): Brown, Dan, The lost symbol /, 2009